Music Quiz

Random Music or Rock Quiz

Can you name the world's best-selling albums? Quiz Stats

 Plays Quiz not verified by Sporcle

Also try: Opening Lyrics VI
Challenge
Share
Tweet
Embed
Score 0/50 Timer 10:00
0 Plays Today
Hint Answer % Correct
1982-Michael JacksonThriller
94.5%
1987-Michael JacksonBad
78%
1992-Whitney Houston/Various ArtistsThe Bodyguard
73.2%
1973-Pink FloydThe Dark Side of the Moon
70.1%
1977-Bee Gees/Various ArtistsSaturday Night Fever
65.4%
1979-Pink FloydThe Wall
65.4%
1976-EaglesHotel California
64.6%
1977-Fleetwood MacRumours
61.4%
1984-Bruce SpringsteenBorn in the USA
59.8%
1978-SoundtrackGrease
59.1%
1972-Simon & GarfunkelSimon & Garfunkel's Greatest Hits
59.1%
1981-QueenGreatest Hits
59.1%
1995-Alanis MorissetteJagged Little Pill
58.3%
1980-AC/DCBack in Black
55.9%
1977-Meat LoafBat Out of Hell
55.1%
1969-The BeatlesAbbey Road
52%
1967-The BeatlesSgt. Pepper's Lonely Hearts Club Band
51.2%
2011-Adele21
50.4%
1976-EaglesTheir Greatest Hits
48.8%
1991-Michael JacksonDangerous
44.9%
1971-Led ZeppelinLed Zeppelin IV
44.1%
1987-U2The Joshua Tree
43.3%
1991-NirvanaNevermind
43.3%
1996-Spice GirlsSpice
41.8%
1985-Whitney HoustonWhitney Houston
40.9%
Hint Answer % Correct
1997-James Horner/SoundtrackTitanic
40.2%
1997-Shania TwainCome on Over
39.4%
1987-Guns N' RosesAppetite for Destruction
39.4%
1999-Britney SpearsBaby One More Time
36.4%
1987-SoundtrackDirty Dancing
36.2%
1991-MetallicaMetallica
34.6%
1993-Mariah CareyMusic Box
34.6%
1986-MadonnaTrue Blue
32.7%
1992-Eric ClaptonUnplugged
31.5%
1984-Bob Marley & The WailersLegend
30.7%
1985-Dire StraitsBrothers in Arms
30.7%
1992-ABBAABBA Gold
29.1%
1986-Bon JoviSlippery When Wet
29.1%
1999-SantanaSupernatural
26.8%
1973-The Beatles1962-1966
26.8%
1997-Backstreet BoysBackstreet Boys
26.4%
1985-Phil CollinsNo Jacket Required
26.1%
1990-MadonnaThe Immaculate Collection
24.4%
1999-Backstreet BoysMillennium
24.4%
2002-Norah JonesCome Away with Me
23.6%
2000-The Beatles1
23.6%
1996-Celine DionFalling Into You
21.3%
1973-The Beatles1967-1970
21.3%
1997-Celine DionLet's Talk About Love
18.9%
1991-QueenGreatest Hits II
10%

You're not logged in!

Compare scores with friends on all Sporcle quizzes.
Join for Free
OR
Log In

You Might Also Like...

Show Comments

Extras

Top Quizzes Today


Score Distribution

Your Account Isn't Verified!

In order to create a playlist on Sporcle, you need to verify the email address you used during registration. Go to your Sporcle Settings to finish the process.

Report this User

Report this user for behavior that violates our Community Guidelines.

Details: